Economics and technical change

Contents: Introduction; The Classical economists; Marx; The beginnings of production theory; Schumpeter; Microeconomic production theory

Đã lưu trong:
書目詳細資料
主要作者: Heertje, Arnold
格式: 圖書
語言:Undetermined
出版: London Weidenfeld & Nicolson 1977
主題:
標簽: 添加標簽
沒有標簽, 成為第一個標記此記錄!
Thư viện lưu trữ: Trung tâm Học liệu Trường Đại học Cần Thơ
LEADER 00722nam a2200193Ia 4500
001 CTU_98910
008 210402s9999 xx 000 0 und d
082 |a 338.001 
082 |b H447 
100 |a Heertje, Arnold 
245 0 |a Economics and technical change 
245 0 |c Arnold Heertje 
260 |a London 
260 |b Weidenfeld & Nicolson 
260 |c 1977 
520 |a Contents: Introduction; The Classical economists; Marx; The beginnings of production theory; Schumpeter; Microeconomic production theory 
650 |a Technological innovations,Economic development,Đổi mới công nghệ,Phát triển kinh tế 
904 |i Năm 
980 |a Trung tâm Học liệu Trường Đại học Cần Thơ